Movies Missing 2-Letter Words Quiz Stats

 Plays Quiz Updated Oct 17, 2013

Support Sporcle.
Go Orange.
Score 0/50 Timer 03:00
0 Plays Today
Title Missing % Correct
Men ___ BlackIn
99.3%
___ Strings AttachedNo
98.7%
How ___ Train Your DragonTo
98.5%
Despicable ___Me
98.2%
All Dogs ___ to HeavenGo
96%
The Ides ___ MarchOf
95%
There Will ___ BloodBe
95%
I ___ LegendAm
94.8%
Stand ___ MeBy
94.8%
Life ___ BeautifulIs
93.9%
10 Items ___ LessOr
93.4%
Knocked ___Up
92.1%
Kung ___ PandaFu
91.3%
The Wizard of ___Oz
91.1%
___ American Werewolf in LondonAn
90.4%
Life of ___Pi
90.4%
___ the WaterfrontOn
89.9%
___ Bought a ZooWe
88.8%
She's Gotta Have ___It
88.4%
Meet Me in ___ LouisSt.
88.2%
The ___ Vinci CodeDa
87.8%
Enemy ___ the GatesAt
86.9%
___ the Right ThingDo
86.4%
___ CaponeAl
85.5%
Spies Like ___Us
83.7%
Title Missing % Correct
My Super ___-GirlfriendEx
81.9%
___ I Lay DyingAs
81.1%
Kramer ___ KramerVs.
79.5%
___ Got GameHe
79.1%
___ Week with MarilynMy
78.9%
Gung ___Ho
76.6%
___, God!Oh
76.5%
___ and Pa KettleMa
72.1%
Gunfight at the ___ CorralO.K.
70.4%
Divine Secrets of the ___-___ SisterhoodYa
69%
Ma and ___ Kettle Back on the FarmPa
67.4%
Cyrano ___ BergeracDe
67.3%
Here Comes ___ JordanMr.
66.3%
___ I Married an Axe MurdererSo
64.8%
___ Vey! My Son Is Gay!Oy
64.1%
___' Better BluesMo
52.7%
___ StradaLa
50.4%
___ MariachiEl
43.3%
___, Mom!Hi
41.9%
The ___-Bow IncidentOx
41.3%
___ T and the WomenDr
31%
___ ___ Dancer, Your Life Is CallingJo
20.1%
Manny & ___Lo
15.5%
Julian ___Po
14.9%
Generation ___...Um
3.4%

You're not logged in!

Compare scores with friends on all Sporcle quizzes.
OR
Log In

From the Vault

Letter Bag - Elements

by jrage2009

We don't advise keeping a bunch of elements in a bag. They'll probably react with each other.
Remove Ads.
Support Sporcle.
Get the best of Sporcle when you Go Orange. This ad-free experience offers more features, more stats, and more fun while also helping to support Sporcle. Thank you for becoming a member.

Show Comments

Extras

Top Quizzes Today


Score Distribution

Your Account Isn't Verified!

In order to create a playlist on Sporcle, you need to verify the email address you used during registration. Go to your Sporcle Settings to finish the process.

Report this User

Report this user for behavior that violates our Community Guidelines.

Details: